<?xml version="1.0" encoding="UTF-8"?>
<record
    xmlns:xsi="http://www.w3.org/2001/XMLSchema-instance"
    xsi:schemaLocation="http://www.loc.gov/MARC21/slim http://www.loc.gov/standards/marcxml/schema/MARC21slim.xsd"
    xmlns="http://www.loc.gov/MARC21/slim">

  <leader>01396nam2a22002291  4500</leader>
  <controlfield tag="001">v19\rc\2098262</controlfield>
  <controlfield tag="005">20250620041840.0</controlfield>
  <datafield tag="035" ind1=" " ind2=" ">
    <subfield code="a">(NLR Aleph) 005168362</subfield>
  </datafield>
  <datafield tag="090" ind1=" " ind2=" ">
    <subfield code="a">5047411</subfield>
    <subfield code="c">5047411</subfield>
  </datafield>
  <datafield tag="100" ind1=" " ind2=" ">
    <subfield code="a">20081218d1929    |||y0rusy50      ca</subfield>
  </datafield>
  <datafield tag="101" ind1="0" ind2=" ">
    <subfield code="a">rus</subfield>
  </datafield>
  <datafield tag="102" ind1=" " ind2=" ">
    <subfield code="a">RU</subfield>
  </datafield>
  <datafield tag="105" ind1=" " ind2=" ">
    <subfield code="a">y   z   |||||</subfield>
  </datafield>
  <datafield tag="200" ind1="1" ind2=" ">
    <subfield code="a">&#x412;&#x432;&#x435;&#x434;&#x435;&#x43D;&#x438;&#x435;</subfield>
    <subfield code="e">Asciidae (Danaidae)</subfield>
  </datafield>
  <datafield tag="210" ind1=" " ind2=" ">
    <subfield code="a">&#x41B;&#x435;&#x43D;&#x438;&#x43D;&#x433;&#x440;&#x430;&#x434;</subfield>
    <subfield code="c">&#x418;&#x437;&#x434;-&#x432;&#x43E; &#x410;&#x43A;&#x430;&#x434;. &#x43D;&#x430;&#x443;&#x43A;</subfield>
    <subfield code="d">1929</subfield>
  </datafield>
  <datafield tag="461" ind1=" " ind2="0">
    <subfield code="1">001v19\rc\2098260</subfield>
    <subfield code="1">2001#$a&#x424;&#x430;&#x443;&#x43D;&#x430; &#x420;&#x43E;&#x441;&#x441;&#x438;&#x438; &#x438; &#x441;&#x43E;&#x43F;&#x440;&#x435;&#x434;&#x435;&#x43B;&#x44C;&#x43D;&#x44B;&#x445; &#x441;&#x442;&#x440;&#x430;&#x43D;, &#x43F;&#x440;&#x435;&#x438;&#x43C;&#x443;&#x449;&#x435;&#x441;&#x442;&#x432;&#x435;&#x43D;&#x43D;&#x43E; &#x43F;&#x43E; &#x43A;&#x43E;&#x43B;&#x43B;&#x435;&#x43A;&#x446;&#x438;&#x44F;&#x43C; &#x417;&#x43E;&#x43E;&#x43B;&#x43E;&#x433;&#x438;&#x447;&#x435;&#x441;&#x43A;&#x43E;&#x433;&#x43E; &#x43C;&#x443;&#x437;&#x435;&#x44F; &#x410;&#x43A;&#x430;&#x434;&#x435;&#x43C;&#x438;&#x438; &#x43D;&#x430;&#x443;&#x43A;$e&#x422;. 1-$f&#x41F;&#x43E;&#x434; &#x440;&#x435;&#x434;. &#x434;&#x438;&#x440;. &#x41C;&#x443;&#x437;&#x435;&#x44F; &#x410;&#x43A;&#x430;&#x434;. &#x418;.&#x412;. &#x41D;&#x430;&#x441;&#x43E;&#x43D;&#x43E;&#x432;&#x430;$i&#x41D;&#x430;&#x441;&#x435;&#x43A;&#x43E;&#x43C;&#x44B;&#x435; &#x447;&#x435;&#x448;&#x443;&#x435;&#x43A;&#x440;&#x44B;&#x43B;&#x44B;&#x435;. (Insecta lepidoptera)$v&#x422;. 1. &#x412;&#x44B;&#x43F;. 2</subfield>
    <subfield code="9">5047397</subfield>
    <subfield code="c">&#x41F;&#x435;&#x442;&#x440;&#x43E;&#x433;&#x440;&#x430;&#x434;</subfield>
    <subfield code="d">1915-1929</subfield>
    <subfield code="f">&#x41F;&#x43E;&#x434; &#x440;&#x435;&#x434;. &#x434;&#x438;&#x440;. &#x41C;&#x443;&#x437;&#x435;&#x44F; &#x410;&#x43A;&#x430;&#x434;. &#x418;.&#x412;. &#x41D;&#x430;&#x441;&#x43E;&#x43D;&#x43E;&#x432;&#x430;</subfield>
    <subfield code="i">&#x41D;&#x430;&#x441;&#x435;&#x43A;&#x43E;&#x43C;&#x44B;&#x435; &#x447;&#x435;&#x448;&#x443;&#x435;&#x43A;&#x440;&#x44B;&#x43B;&#x44B;&#x435;. (Insecta lepidoptera)</subfield>
    <subfield code="n">&#x442;&#x438;&#x43F;. &#x410;&#x43A;&#x430;&#x434;. &#x43D;&#x430;&#x443;&#x43A;</subfield>
    <subfield code="o">&#x422;. 1-</subfield>
    <subfield code="t">&#x424;&#x430;&#x443;&#x43D;&#x430; &#x420;&#x43E;&#x441;&#x441;&#x438;&#x438; &#x438; &#x441;&#x43E;&#x43F;&#x440;&#x435;&#x434;&#x435;&#x43B;&#x44C;&#x43D;&#x44B;&#x445; &#x441;&#x442;&#x440;&#x430;&#x43D;, &#x43F;&#x440;&#x435;&#x438;&#x43C;&#x443;&#x449;&#x435;&#x441;&#x442;&#x432;&#x435;&#x43D;&#x43D;&#x43E; &#x43F;&#x43E; &#x43A;&#x43E;&#x43B;&#x43B;&#x435;&#x43A;&#x446;&#x438;&#x44F;&#x43C; &#x417;&#x43E;&#x43E;&#x43B;&#x43E;&#x433;&#x438;&#x447;&#x435;&#x441;&#x43A;&#x43E;&#x433;&#x43E; &#x43C;&#x443;&#x437;&#x435;&#x44F; &#x410;&#x43A;&#x430;&#x434;&#x435;&#x43C;&#x438;&#x438; &#x43D;&#x430;&#x443;&#x43A;</subfield>
    <subfield code="v">&#x422;. 1. &#x412;&#x44B;&#x43F;. 2</subfield>
  </datafield>
  <datafield tag="700" ind1=" " ind2="1">
    <subfield code="a">&#x41A;&#x443;&#x437;&#x43D;&#x435;&#x446;&#x43E;&#x432;</subfield>
    <subfield code="b">&#x41D;.&#x42F;.</subfield>
  </datafield>
  <datafield tag="801" ind1=" " ind2="0">
    <subfield code="a">RU</subfield>
    <subfield code="b">NLR</subfield>
    <subfield code="g">psbo</subfield>
  </datafield>
  <datafield tag="801" ind1=" " ind2="1">
    <subfield code="a">RU</subfield>
    <subfield code="b">ProSoft-M</subfield>
    <subfield code="2">rusmarc</subfield>
  </datafield>
  <datafield tag="852" ind1=" " ind2=" ">
    <subfield code="a">NLR</subfield>
    <subfield code="j">37.69.3.7(2)</subfield>
  </datafield>
  <datafield tag="942" ind1=" " ind2=" ">
    <subfield code="c">BOOK</subfield>
  </datafield>
  <datafield tag="980" ind1=" " ind2=" ">
    <subfield code="a">NB</subfield>
  </datafield>
  <datafield tag="995" ind1=" " ind2=" ">
    <subfield code="5">2013-10-26</subfield>
    <subfield code="b">NLR02</subfield>
    <subfield code="c">NLR02</subfield>
    <subfield code="e">RFS</subfield>
    <subfield code="f">5168362-10</subfield>
    <subfield code="k">37.69.3.7(2)</subfield>
    <subfield code="o">0</subfield>
    <subfield code="r">BOOK</subfield>
    <subfield code="s">3769372_</subfield>
  </datafield>
</record>
